[Event "Deutsche Ländermeisterschaft 2021"]
[Site "Neumünster GER"]
[Date "2021.10.03"]
[Round "3"]
[White "Müller, Magnus"]
[Black "Dauner, Benedikt"]
[Result "0-1"]
[Termination "normal"]
[Board "5.2"]
[WhiteElo "2047"]
[BlackElo "2133"]
[WhiteClock "00:29:58"]
[BlackClock "00:06:34"]
[WhiteTeam "Thüringen"]
[BlackTeam "Baden"]
[PlyCount "110"]
[WhiteFideId "16230060"]
[BlackFideId "16225899"]
[EventCountry "GER"]
[EventRounds "7"]
[EventType "team-swiss"]
[EventDate "2021.10.01"]

1. e4 {[%clk 1:30:53]} c6 {[%clk 1:30:54]} 2. Nc3 {[%clk 1:31:15]} d5 {[%clk
1:31:18]} 3. Qe2 {[%clk 1:31:38]} d4 {[%clk 1:29:36]} 4. Nd1 {[%clk 1:31:44]}
e5 {[%clk 1:27:04]} 5. g3 {[%clk 1:32:05]} Bd6 {[%clk 1:26:04]} 6. d3 {[%clk
1:32:27]} Qc7 {[%clk 1:24:28]} 7. Bg2 {[%clk 1:32:13]} Be6 {[%clk 1:24:18]} 8.
Nf3 {[%clk 1:29:30]} f6 {[%clk 1:24:13]} 9. O-O {[%clk 1:29:34]} Ne7 {[%clk
1:23:35]} 10. c3 {[%clk 1:13:27]} c5 {[%clk 1:23:00]} 11. b4 {[%clk 1:13:34]}
Nbc6 {[%clk 1:18:39]} 12. b5 {[%clk 1:12:33]} Nd8 {[%clk 1:16:15]} 13. c4
{[%clk 0:57:09]} Nf7 {[%clk 1:13:09]} 14. a4 {[%clk 0:56:49]} h5 {[%clk
1:08:56]} 15. Nh4 {[%clk 0:54:34]} O-O-O {[%clk 0:56:12]} 16. a5 {[%clk
0:54:29]} Qd7 {[%clk 0:55:12]} 17. Nf5 {[%clk 0:53:52]} Nxf5 {[%clk 0:44:33]}
18. exf5 {[%clk 0:54:16]} Bxf5 {[%clk 0:44:53]} 19. a6 {[%clk 0:54:27]} b6
{[%clk 0:45:09]} 20. Qf3 {[%clk 0:51:14]} e4 {[%clk 0:45:24]} 21. dxe4 {[%clk
0:51:37]} Bg4 {[%clk 0:45:35]} 22. Qb3 {[%clk 0:50:35]} h4 {[%clk 0:41:55]} 23.
f4 {[%clk 0:49:55]} hxg3 {[%clk 0:41:46]} 24. hxg3 {[%clk 0:49:13]} Bh3 {[%clk
0:26:50]} 25. Nf2 {[%clk 0:49:34]} Bxg2 {[%clk 0:27:05]} 26. Kxg2 {[%clk
0:49:58]} g5 {[%clk 0:26:26]} 27. Qf3 {[%clk 0:40:46]} gxf4 {[%clk 0:26:29]}
28. Bxf4 {[%clk 0:41:09]} Be5 {[%clk 0:21:00]} 29. Rh1 {[%clk 0:40:32]} Nd6
{[%clk 0:21:11]} 30. Ng4 {[%clk 0:35:34]} Qe6 {[%clk 0:17:12]} 31. Nxe5 {[%clk
0:31:39]} fxe5 {[%clk 0:17:35]} 32. Bg5 {[%clk 0:32:03]} Rhf8 {[%clk 0:13:30]}
33. Qe2 {[%clk 0:29:58]} Rd7 {[%clk 0:13:52]} 34. Rac1 {[%clk 0:29:09]} Qg6
{[%clk 0:13:40]} 35. Bh4 {[%clk 0:28:44]} Rdf7 {[%clk 0:13:06]} 36. Rhf1 {[%clk
0:28:42]} Kd7 {[%clk 0:09:36]} 37. Kh2 {[%clk 0:28:40]} Qxe4 {[%clk 0:07:26]}
38. Qxe4 {[%clk 0:29:04]} Nxe4 {[%clk 0:07:51]} 39. Rxf7+ {[%clk 0:29:30]} Rxf7
{[%clk 0:08:16]} 40. Re1 {[%clk 0:29:30]} Nf2 {[%clk 0:08:31]} 41. Kg2 {[%clk
0:29:29]} e4 {[%clk 0:08:38]} 42. g4 {[%clk 0:29:37]} e3 {[%clk 0:08:52]} 43.
Rf1 {[%clk 0:29:44]} Ke6 {[%clk 0:02:59]} 44. Bxf2 {[%clk 0:30:05]} Rxf2+
{[%clk 0:03:23]} 45. Rxf2 {[%clk 0:30:31]} exf2 {[%clk 0:03:46]} 46. Kxf2
{[%clk 0:31:00]} Kf6 {[%clk 0:03:57]} 47. Kf3 {[%clk 0:27:47]} Kg5 {[%clk
0:04:09]} 48. Kg3 {[%clk 0:28:02]} d3 {[%clk 0:04:19]} 49. Kf3 {[%clk 0:28:28]}
d2 {[%clk 0:04:42]} 50. Ke2 {[%clk 0:28:50]} Kxg4 {[%clk 0:05:08]} 51. Kxd2
{[%clk 0:29:17]} Kf4 {[%clk 0:05:27]} 52. Kd3 {[%clk 0:28:45]} Kf3 {[%clk
0:05:52]} 53. Kc2 {[%clk 0:29:08]} Ke4 {[%clk 0:06:02]} 54. Kb2 Kd4 {[%clk
0:06:18]} 55. Kb3 {[%clk 0:29:58]} Kd3 {[%clk 0:06:34]} 0-1

[Event "Deutsche Ländermeisterschaft 2021"]
[Site "Neumünster GER"]
[Date "2021.10.03"]
[Round "3"]
[White "Nguyen, Ha Thanh"]
[Black "Nied, Pascal"]
[Result "0-1"]
[Termination "normal"]
[Board "5.4"]
[WhiteElo "2001"]
[BlackElo "1878"]
[WhiteTeam "Thüringen"]
[BlackTeam "Baden"]
[PlyCount "64"]
[WhiteFideId "12942154"]
[BlackFideId "16260597"]
[EventCountry "GER"]
[EventRounds "7"]
[EventType "team-swiss"]
[EventDate "2021.10.01"]

1. e4 e6 2. d4 d5 3. Nc3 Bb4 4. exd5 exd5 5. Bd3 Ne7 6. Nge2 Nbc6 7. O-O Bf5 8.
a3 Bxc3 9. bxc3 O-O 10. Rb1 Na5 11. Nf4 c6 12. Qf3 Qd7 13. Nh5 Bg4 14. Nf6+
gxf6 15. Qxf6 Qe6 16. Qg5+ Kh8 17. Bf4 f6 18. Qh4 Bf5 19. Rfe1 Ng6 20. Qg3 Qd7
21. Bh6 Rf7 22. Be2 Nc4 23. Bh5 Rg8 24. Kh1 Qd6 25. Qf3 Nh4 26. Qe2 Be4 27. f3
Rxg2 28. Qxg2 Nxg2 29. Bxf7 Nxe1 30. fxe4 Nf3 31. e5 fxe5 32. Rf1 e4 0-1

[Event "Deutsche Ländermeisterschaft 2021"]
[Site "Neumünster GER"]
[Date "2021.10.03"]
[Round "3"]
[White "Uhlmann, Tim"]
[Black "Bock, Marlon"]
[Result "1/2-1/2"]
[Termination "normal"]
[Board "5.5"]
[WhiteElo "1726"]
[BlackElo "1727"]
[WhiteClock "00:35:47"]
[BlackClock "00:29:07"]
[WhiteTeam "Baden"]
[BlackTeam "Thüringen"]
[PlyCount "85"]
[WhiteFideId "16239210"]
[BlackFideId "16244931"]
[EventCountry "GER"]
[EventRounds "7"]
[EventType "team-swiss"]
[EventDate "2021.10.01"]

1. e4 {[%clk 1:30:58]} e5 {[%clk 1:30:53]} 2. Nf3 {[%clk 1:31:24]} Nc6 {[%clk
1:31:13]} 3. d4 {[%clk 1:31:51]} exd4 {[%clk 1:31:18]} 4. Bc4 {[%clk 1:32:15]}
Bc5 {[%clk 1:30:26]} 5. O-O {[%clk 1:32:39]} d6 {[%clk 1:28:47]} 6. c3 {[%clk
1:33:05]} Bg4 {[%clk 1:24:25]} 7. b4 {[%clk 1:28:47]} Bb6 {[%clk 1:15:02]} 8.
Qb3 {[%clk 1:28:52]} Bxf3 {[%clk 1:11:49]} 9. Bxf7+ {[%clk 1:29:12]} Kf8 {[%clk
1:11:53]} 10. gxf3 {[%clk 1:23:17]} Nf6 {[%clk 1:07:30]} 11. Bd5 {[%clk
1:17:17]} Ne5 {[%clk 1:03:25]} 12. f4 {[%clk 1:16:05]} Nf3+ {[%clk 0:56:12]}
13. Kg2 {[%clk 1:15:59]} Nh4+ {[%clk 0:52:54]} 14. Kh1 {[%clk 1:15:45]} c6
{[%clk 0:48:27]} 15. Be6 {[%clk 1:11:06]} Nxe4 {[%clk 0:44:50]} 16. f3 {[%clk
1:11:23]} Nf6 {[%clk 0:41:18]} 17. f5 {[%clk 1:11:14]} Qe8 {[%clk 0:35:28]} 18.
Bf4 {[%clk 1:07:46]} Rd8 {[%clk 0:32:55]} 19. c4 {[%clk 1:07:03]} Qh5 {[%clk
0:26:32]} 20. Nd2 {[%clk 1:06:26]} Nxf5 {[%clk 0:19:10]} 21. Rg1 {[%clk
1:03:28]} h6 {[%clk 0:17:00]} 22. Ne4 {[%clk 0:58:18]} Ne3 {[%clk 0:14:55]} 23.
Rg3 {[%clk 0:55:08]} Nxe4 {[%clk 0:13:02]} 24. fxe4 {[%clk 0:55:27]} g5 {[%clk
0:10:53]} 25. Bxe3 {[%clk 0:55:05]} dxe3 {[%clk 0:11:16]} 26. Rf1+ {[%clk
0:55:05]} Ke7 {[%clk 0:11:02]} 27. Rf7+ {[%clk 0:41:40]} Kxe6 {[%clk 0:08:15]}
28. c5+ {[%clk 0:41:57]} d5 {[%clk 0:08:30]} 29. Rgf3 {[%clk 0:42:24]} Qxf7
{[%clk 0:07:33]} 30. exd5+ {[%clk 0:42:38]} Rxd5 {[%clk 0:06:29]} 31. Qxe3+
{[%clk 0:42:17]} Re5 {[%clk 0:06:47]} 32. Qb3+ {[%clk 0:42:40]} Rd5 {[%clk
0:07:01]} 33. Rxf7 {[%clk 0:42:48]} Kxf7 {[%clk 0:07:18]} 34. cxb6 {[%clk
0:42:22]} axb6 {[%clk 0:07:23]} 35. Qf3+ {[%clk 0:38:37]} Ke7 {[%clk 0:06:14]}
36. Qe3+ {[%clk 0:38:13]} Kd7 {[%clk 0:05:32]} 37. Qxb6 {[%clk 0:38:21]} Rd8
{[%clk 0:05:05]} 38. Qxb7+ {[%clk 0:37:38]} Kd6 {[%clk 0:05:00]} 39. Qg7 {[%clk
0:37:31]} h5 {[%clk 0:04:37]} 40. a4 {[%clk 0:36:52]} Rd7 {[%clk 0:04:23]} 41.
Qg6+ {[%clk 0:36:27]} Kc7 {[%clk 0:04:32]} 42. Qxh5 {[%clk 0:35:47]} Rd1+
{[%clk 0:29:07]} 43. Kg2 1/2-1/2

[Event "Deutsche Ländermeisterschaft 2021"]
[Site "Neumünster GER"]
[Date "2021.10.03"]
[Round "3"]
[White "Aniol, Nico"]
[Black "Skembris, Simon Max"]
[Result "0-1"]
[Termination "normal"]
[Board "5.6"]
[WhiteElo "1464"]
[BlackElo "1268"]
[WhiteClock "00:38:38"]
[BlackClock "00:27:32"]
[WhiteTeam "Thüringen"]
[BlackTeam "Baden"]
[PlyCount "150"]
[WhiteFideId "16287096"]
[BlackFideId "16281381"]
[EventCountry "GER"]
[EventRounds "7"]
[EventType "team-swiss"]
[EventDate "2021.10.01"]

1. c4 {[%clk 1:30:48]} c5 {[%clk 1:30:55]} 2. g3 {[%clk 1:30:34]} e6 {[%clk
1:30:56]} 3. Bg2 {[%clk 1:30:18]} d5 {[%clk 1:30:59]} 4. cxd5 {[%clk 1:30:01]}
exd5 {[%clk 1:31:14]} 5. d4 {[%clk 1:29:43]} Nf6 {[%clk 1:30:05]} 6. Nf3 {[%clk
1:28:34]} Nc6 {[%clk 1:29:49]} 7. O-O {[%clk 1:27:33]} Be7 {[%clk 1:29:14]} 8.
Nc3 {[%clk 1:26:18]} O-O {[%clk 1:28:21]} 9. h3 {[%clk 1:22:17]} h6 {[%clk
1:26:33]} 10. b3 {[%clk 1:21:06]} Bf5 {[%clk 1:24:39]} 11. Bb2 {[%clk 1:20:16]}
Qd7 {[%clk 1:23:55]} 12. Kh2 {[%clk 1:20:26]} Rfe8 {[%clk 1:19:39]} 13. Qd2
{[%clk 1:16:35]} a6 {[%clk 1:16:41]} 14. Rfd1 {[%clk 1:13:04]} Rad8 {[%clk
1:14:08]} 15. Rac1 {[%clk 1:09:07]} Ne4 {[%clk 1:11:36]} 16. Qe1 {[%clk
1:07:35]} cxd4 {[%clk 1:03:12]} 17. Nxd4 {[%clk 1:07:33]} Nxd4 {[%clk 1:02:27]}
18. Rxd4 {[%clk 1:07:29]} Bc5 {[%clk 1:01:46]} 19. Rxd5 {[%clk 1:07:32]} Bxf2
{[%clk 1:01:47]} 20. Nxe4 {[%clk 1:06:16]} Qxd5 {[%clk 0:59:48]} 21. Nxf2
{[%clk 1:06:25]} Qd2 {[%clk 0:59:29]} 22. Bc3 {[%clk 1:01:40]} Qxe2 {[%clk
0:57:26]} 23. Qxe2 {[%clk 0:59:22]} Rxe2 {[%clk 0:57:48]} 24. Kg1 {[%clk
0:59:46]} Rxa2 {[%clk 0:53:23]} 25. Be1 {[%clk 0:56:00]} Be6 {[%clk 0:48:26]}
26. b4 {[%clk 0:55:53]} b6 {[%clk 0:43:26]} 27. Ne4 {[%clk 0:52:12]} Rxg2+
{[%clk 0:39:35]} 28. Kxg2 {[%clk 0:52:37]} Bd5 {[%clk 0:39:56]} 29. Ra1 {[%clk
0:52:41]} Bxe4+ {[%clk 0:40:09]} 30. Kf2 {[%clk 0:52:53]} Bb7 {[%clk 0:38:37]}
31. h4 {[%clk 0:52:01]} f6 {[%clk 0:36:50]} 32. Rc1 {[%clk 0:49:54]} Rd7 {[%clk
0:36:54]} 33. Rc3 {[%clk 0:49:13]} Kf7 {[%clk 0:36:15]} 34. Re3 {[%clk
0:48:57]} Bc6 {[%clk 0:35:23]} 35. Rc3 {[%clk 0:46:49]} Bd5 {[%clk 0:29:44]}
36. Re3 {[%clk 0:44:27]} Ra7 {[%clk 0:29:12]} 37. Ra3 {[%clk 0:44:22]} Ke6
{[%clk 0:28:52]} 38. Bd2 {[%clk 0:42:49]} Kd6 {[%clk 0:27:35]} 39. Ke2 {[%clk
0:41:05]} Kc6 {[%clk 0:27:26]} 40. Kd3 {[%clk 0:40:30]} Kb5 {[%clk 0:27:33]}
41. Ra1 {[%clk 0:39:17]} a5 {[%clk 0:27:23]} 42. bxa5 {[%clk 0:39:33]} bxa5
{[%clk 0:27:48]} 43. Rb1+ {[%clk 0:39:40]} Kc6 {[%clk 0:27:44]} 44. Be3 {[%clk
0:39:00]} Ra6 {[%clk 0:24:33]} 45. Bf4 {[%clk 0:38:19]} Kd7 {[%clk 0:23:23]}
46. Kd4 {[%clk 0:38:04]} Bc6 {[%clk 0:22:58]} 47. Ra1 {[%clk 0:37:06]} a4
{[%clk 0:22:57]} 48. Kc5 {[%clk 0:36:12]} a3 {[%clk 0:22:04]} 49. Bd2 {[%clk
0:34:50]} a2 {[%clk 0:21:53]} 50. Bb4 {[%clk 0:34:26]} Be4 {[%clk 0:21:18]} 51.
Kd4 {[%clk 0:34:30]} Bb1 {[%clk 0:21:37]} 52. Bf8 {[%clk 0:34:53]} Ra4+ {[%clk
0:21:43]} 53. Ke3 {[%clk 0:35:11]} Rg4 {[%clk 0:22:00]} 54. Kf3 {[%clk
0:35:27]} h5 {[%clk 0:22:19]} 55. Bc5 {[%clk 0:35:32]} Ke6 {[%clk 0:22:34]} 56.
Be3 {[%clk 0:35:47]} Kf5 {[%clk 0:22:40]} 57. Bc1 {[%clk 0:35:22]} g5 {[%clk
0:23:00]} 58. hxg5 {[%clk 0:35:47]} fxg5 {[%clk 0:23:25]} 59. Bd2 {[%clk
0:35:36]} h4 {[%clk 0:23:44]} 60. Be1 {[%clk 0:35:59]} h3 {[%clk 0:23:57]} 61.
Kf2 {[%clk 0:35:19]} Ke4 {[%clk 0:24:09]} 62. Kg1 {[%clk 0:35:31]} Kf3 {[%clk
0:23:34]} 63. Kh2 {[%clk 0:35:52]} Re4 {[%clk 0:23:47]} 64. Ba5 {[%clk
0:35:40]} g4 {[%clk 0:24:07]} 65. Bb6 {[%clk 0:35:37]} Re2+ {[%clk 0:24:11]}
66. Kh1 {[%clk 0:35:53]} Rg2 {[%clk 0:24:22]} 67. Bg1 {[%clk 0:36:10]} Rxg1+
{[%clk 0:24:42]} 68. Kxg1 {[%clk 0:36:35]} Kxg3 {[%clk 0:25:07]} 69. Kh1 {[%clk
0:36:54]} Kf2 {[%clk 0:25:17]} 70. Kh2 {[%clk 0:37:10]} g3+ {[%clk 0:25:43]}
71. Kxh3 {[%clk 0:37:32]} g2 {[%clk 0:26:07]} 72. Kh4 {[%clk 0:37:37]} g1=Q
{[%clk 0:26:28]} 73. Kh5 {[%clk 0:37:55]} Qg7 {[%clk 0:26:52]} 74. Kh4 {[%clk
0:38:13]} Qg6 {[%clk 0:27:11]} 75. Rxa2+ {[%clk 0:38:38]} Bxa2 {[%clk 0:27:32]}
0-1

[Event "Deutsche Ländermeisterschaft 2021"]
[Site "Neumünster GER"]
[Date "2021.10.03"]
[Round "3"]
[White "Henninger, Claire"]
[Black "Eichhorn, Mathilda"]
[Result "1-0"]
[Termination "normal"]
[Board "5.7"]
[WhiteElo "1476"]
[BlackElo "1329"]
[WhiteClock "01:24:47"]
[BlackClock "01:17:51"]
[WhiteTeam "Baden"]
[BlackTeam "Thüringen"]
[PlyCount "145"]
[WhiteFideId "16200659"]
[BlackFideId "16242289"]
[EventCountry "GER"]
[EventRounds "7"]
[EventType "team-swiss"]
[EventDate "2021.10.01"]

1. e4 e6 2. d4 d5 3. exd5 exd5 4. Nf3 Nf6 5. Bd3 Bd6 6. c4 {[%clk 1:24:47]} c6
{[%clk 1:17:51]} 7. O-O {[%clk 1:24:47]} O-O {[%clk 1:17:51]} 8. h3 {[%clk
1:24:47]} h6 {[%clk 1:17:51]} 9. Nc3 {[%clk 1:24:47]} Be6 {[%clk 1:17:51]} 10.
b3 {[%clk 1:24:47]} Nbd7 {[%clk 1:17:51]} 11. Re1 {[%clk 1:24:47]} Bc7 {[%clk
1:17:51]} 12. Ba3 {[%clk 1:24:47]} Re8 13. Rb1 Rb8 14. Qc2 b6 15. Ne5 Nxe5 16.
dxe5 Nd7 17. f4 Nc5 18. Bxc5 bxc5 19. Rbd1 Qh4 20. Rf1 d4 21. Ne4 Qe7 22. Qf2
Bf5 23. Nxc5 Bxd3 24. Nxd3 Bb6 25. b4 Rbd8 26. c5 Bc7 27. Nc1 f6 28. Rxd4 fxe5
29. Rxd8 Rxd8 30. Qe2 Qh4 31. Qc4+ Kh8 32. Qf7 Bb8 33. fxe5 Bxe5 34. Qb3 Qd4+
35. Kh1 Qh4 36. Qe3 Bf6 37. a3 Qc4 38. Qf3 Qe6 39. Ne2 Rd2 40. Nf4 Qc8 41. Re1
Rd7 42. Ng6+ Kg8 43. Qb3+ Kh7 44. Qc2 Kg8 45. Qe4 Rc7 46. h4 Qd8 47. h5 Qc8 48.
Qc4+ Kh7 49. Qe6 Qxe6 50. Rxe6 Kg8 51. Ne5 Bxe5 52. Rxe5 Kf7 53. g4 Rd7 54. Re4
Rd3 55. a4 Kf6 56. b5 cxb5 57. c6 Rd8 58. axb5 Rc8 59. Ra4 Rc7 60. Rd4 Ke6 61.
Rd8 Ke7 62. Rg8 Kf6 63. Rb8 Ke7 64. Rg8 Kd6 65. Rf8 Kc5 66. Rf5+ Kb6 67. g5
hxg5 68. Rxg5 a5 69. bxa6 Kxa6 70. Rg6 Kb6 71. Kg2 Rxc6 72. Rxg7 Rh6 73. Rg6+
1-0

[Event "Deutsche Ländermeisterschaft 2021"]
[Site "Neumünster GER"]
[Date "2021.10.03"]
[Round "3"]
[White "Blaufuß, Lena"]
[Black "Haug, Mara"]
[Result "0-1"]
[Termination "normal"]
[Board "5.8"]
[WhiteElo "1182"]
[BlackElo "1326"]
[WhiteTeam "Thüringen"]
[BlackTeam "Baden"]
[PlyCount "40"]
[WhiteFideId "34610642"]
[BlackFideId "16259300"]
[EventCountry "GER"]
[EventRounds "7"]
[EventType "team-swiss"]
[EventDate "2021.10.01"]

1. e4 c5 2. Nc3 Nc6 3. f4 g6 4. Nf3 Bg7 5. a3 d6 6. Bb5 e6 7. O-O Nge7 8. d3 d5
9. Ne2 O-O 10. Qe1 a6 11. Bxc6 Nxc6 12. c3 Qb6 13. Kh1 Rd8 14. Qh4 h6 15. Rb1
Qb5 16. Rd1 dxe4 17. Ne1 exd3 18. Ng3 Qb3 19. Rxd3 Rxd3 20. Nxd3 Qd1+ 0-1

[Event "Deutsche Ländermeisterschaft 2021"]
[Site "Neumünster GER"]
[Date "2021.10.03"]
[Round "3"]
[White "Fromm, Marius"]
[Black "Farokhi, Keyvan"]
[Result "1/2-1/2"]
[Termination "normal"]
[Board "6.1"]
[WhiteTitle "FM"]
[WhiteElo "2342"]
[BlackElo "2238"]
[WhiteClock "00:20:58"]
[BlackClock "00:20:00"]
[WhiteTeam "Mecklenburg-Vorpommern"]
[BlackTeam "Schleswig-Holstein"]
[PlyCount "55"]
[WhiteFideId "12993190"]
[BlackFideId "12998630"]
[EventCountry "GER"]
[EventRounds "7"]
[EventType "team-swiss"]
[EventDate "2021.10.01"]

1. e4 {[%clk 1:30:56]} c6 {[%clk 1:30:36]} 2. d4 {[%clk 1:29:02]} d5 {[%clk
1:30:58]} 3. exd5 {[%clk 1:29:29]} cxd5 {[%clk 1:31:19]} 4. Bd3 {[%clk
1:29:57]} Nc6 {[%clk 1:31:24]} 5. c3 {[%clk 1:30:23]} Qc7 {[%clk 1:31:21]} 6.
h3 {[%clk 1:30:47]} g6 {[%clk 1:31:43]} 7. Ne2 {[%clk 1:30:52]} Bf5 {[%clk
1:32:04]} 8. Bf4 {[%clk 1:30:51]} Qd7 {[%clk 1:32:27]} 9. Bb5 {[%clk 1:30:00]}
Bg7 {[%clk 1:27:07]} 10. Nd2 {[%clk 1:29:05]} Nf6 {[%clk 1:25:16]} 11. O-O
{[%clk 1:22:23]} a6 {[%clk 1:17:41]} 12. Bxc6 {[%clk 1:22:40]} Qxc6 {[%clk
1:17:37]} 13. Ng3 {[%clk 1:22:12]} Be6 {[%clk 1:08:34]} 14. Re1 {[%clk
1:19:36]} O-O {[%clk 0:59:45]} 15. Qe2 {[%clk 0:51:37]} Rfe8 {[%clk 0:55:13]}
16. Nf3 {[%clk 0:51:07]} Nd7 {[%clk 0:54:36]} 17. Ng5 {[%clk 0:47:19]} Nf8
{[%clk 0:54:22]} 18. h4 {[%clk 0:37:31]} h6 {[%clk 0:47:20]} 19. Nxe6 {[%clk
0:37:49]} Nxe6 {[%clk 0:47:09]} 20. Be3 {[%clk 0:29:22]} h5 {[%clk 0:44:20]}
21. Nf1 {[%clk 0:27:45]} Bf6 {[%clk 0:40:47]} 22. g3 {[%clk 0:26:02]} b5 {[%clk
0:36:22]} 23. a3 {[%clk 0:23:52]} a5 {[%clk 0:35:42]} 24. Rac1 {[%clk 0:23:18]}
Ng7 {[%clk 0:30:09]} 25. Bf4 {[%clk 0:23:02]} Nf5 {[%clk 0:27:11]} 26. Ne3
{[%clk 0:23:14]} Nxe3 27. Qxe3 {[%clk 0:23:42]} Rac8 {[%clk 0:20:00]} 28. Be5
{[%clk 0:20:58]} 1/2-1/2

[Event "Deutsche Ländermeisterschaft 2021"]
[Site "Neumünster GER"]
[Date "2021.10.03"]
[Round "3"]
[White "Bornholdt, Joa Max"]
[Black "Großmann, Piet"]
[Result "1/2-1/2"]
[Termination "normal"]
[Board "6.2"]
[WhiteElo "1956"]
[BlackElo "1953"]
[WhiteClock "00:33:31"]
[BlackClock "00:23:34"]
[WhiteTeam "Schleswig-Holstein"]
[BlackTeam "Mecklenburg-Vorpommern"]
[PlyCount "87"]
[WhiteFideId "16253477"]
[BlackFideId "16234359"]
[EventCountry "GER"]
[EventRounds "7"]
[EventType "team-swiss"]
[EventDate "2021.10.01"]

1. d4 {[%clk 1:30:53]} Nf6 {[%clk 1:30:52]} 2. c4 {[%clk 1:31:18]} e6 {[%clk
1:31:17]} 3. Nc3 {[%clk 1:31:43]} Bb4 {[%clk 1:31:42]} 4. f3 {[%clk 1:32:09]}
c5 {[%clk 1:31:40]} 5. a3 {[%clk 1:32:33]} Bxc3+ {[%clk 1:31:57]} 6. bxc3
{[%clk 1:32:58]} Nc6 {[%clk 1:31:38]} 7. e4 {[%clk 1:28:11]} d6 {[%clk
1:31:24]} 8. Be3 {[%clk 1:27:36]} O-O {[%clk 1:30:38]} 9. dxc5 {[%clk 1:20:28]}
d5 {[%clk 1:30:57]} 10. Bd3 {[%clk 1:08:26]} dxe4 {[%clk 1:12:28]} 11. Bxe4
{[%clk 1:07:12]} Nxe4 {[%clk 1:12:53]} 12. Qxd8 {[%clk 1:07:09]} Rxd8 {[%clk
1:13:20]} 13. fxe4 {[%clk 1:07:09]} e5 {[%clk 1:04:37]} 14. Nf3 {[%clk
0:59:07]} Be6 {[%clk 1:04:37]} 15. Kf2 {[%clk 0:54:54]} Bxc4 {[%clk 0:46:55]}
16. Rhd1 {[%clk 0:53:53]} Rd3 {[%clk 0:46:48]} 17. Rxd3 {[%clk 0:52:04]} Bxd3
{[%clk 0:47:02]} 18. Nd2 {[%clk 0:52:30]} h6 {[%clk 0:37:09]} 19. Kf3 {[%clk
0:50:17]} f5 {[%clk 0:33:49]} 20. exf5 {[%clk 0:49:20]} Bxf5 {[%clk 0:34:13]}
21. Nc4 {[%clk 0:48:07]} Bd3 {[%clk 0:31:06]} 22. Nd6 {[%clk 0:48:01]} Rf8+
{[%clk 0:29:12]} 23. Kg3 {[%clk 0:46:29]} Ne7 {[%clk 0:21:03]} 24. Rd1 {[%clk
0:35:30]} e4 {[%clk 0:19:35]} 25. Rd2 {[%clk 0:28:14]} Rf6 {[%clk 0:09:40]} 26.
Rb2 {[%clk 0:18:39]} Nd5 {[%clk 0:03:25]} 27. Bd4 {[%clk 0:18:25]} Rg6+ {[%clk
0:03:37]} 28. Kf2 {[%clk 0:18:00]} e3+ {[%clk 0:03:44]} 29. Ke1 {[%clk
0:14:41]} b6 {[%clk 0:01:05]} 30. c4 {[%clk 0:07:48]} bxc5 {[%clk 0:00:57]} 31.
Rb8+ {[%clk 0:06:03]} Kh7 {[%clk 0:01:24]} 32. Nf7 {[%clk 0:06:10]} Rxg2 {[%clk
0:00:31]} 33. Rh8+ {[%clk 0:06:33]} Kg6 {[%clk 0:00:58]} 34. Ne5+ {[%clk
0:06:58]} Kf5 35. Nxd3 {[%clk 0:07:06]} cxd4 {[%clk 0:00:34]} 36. cxd5 {[%clk
0:07:22]} Ke4 {[%clk 0:00:35]} 37. Nb4 {[%clk 0:07:26]} d3 {[%clk 0:00:34]} 38.
Re8+ {[%clk 0:06:17]} Kd4 {[%clk 0:01:00]} 39. Nc6+ {[%clk 0:04:58]} Kxd5
{[%clk 0:00:37]} 40. Nb4+ {[%clk 0:05:10]} Kd4 {[%clk 0:00:32]} 41. Rd8+ {[%clk
0:05:26]} Ke4 {[%clk 0:29:09]} 42. Nxd3 {[%clk 0:34:33]} Rxh2 {[%clk 0:26:03]}
43. Nc5+ {[%clk 0:34:02]} Ke5 {[%clk 0:23:34]} 44. Nd3+ {[%clk 0:33:31]}
1/2-1/2

[Event "Deutsche Ländermeisterschaft 2021"]
[Site "Neumünster GER"]
[Date "2021.10.03"]
[Round "3"]
[White "Tovmasyan, Minas"]
[Black "Bosselmann, Tom Linus"]
[Result "0-1"]
[Termination "normal"]
[Board "6.3"]
[WhiteElo "1820"]
[BlackElo "2064"]
[WhiteClock "00:00:32"]
[BlackClock "00:02:22"]
[WhiteTeam "Mecklenburg-Vorpommern"]
[BlackTeam "Schleswig-Holstein"]
[PlyCount "86"]
[WhiteFideId "16247620"]
[BlackFideId "12983845"]
[EventCountry "GER"]
[EventRounds "7"]
[EventType "team-swiss"]
[EventDate "2021.10.01"]

1. d4 Nf6 2. c4 g6 3. Nc3 Bg7 4. e4 d6 5. Nf3 O-O 6. Be2 e5 7. dxe5 dxe5 8.
Qxd8 Rxd8 9. Bg5 Re8 10. Nd5 Nxd5 11. cxd5 c6 12. Bc4 cxd5 13. Bxd5 Nc6 14.
O-O-O Bg4 {[%clk 0:45:02]} 15. Kb1 {[%clk 0:54:11]} Rab8 {[%clk 0:45:02]} 16.
Rc1 {[%clk 0:54:11]} Nb4 {[%clk 0:45:02]} 17. Bb3 {[%clk 0:54:11]} Rbc8 {[%clk
0:45:02]} 18. Be3 {[%clk 0:54:11]} h6 {[%clk 0:45:02]} 19. Bxa7 {[%clk
0:54:11]} Nd3 {[%clk 0:45:02]} 20. Rxc8 {[%clk 0:54:11]} Rxc8 {[%clk 0:45:02]}
21. Rd1 {[%clk 0:54:11]} Nf4 {[%clk 0:45:02]} 22. h3 {[%clk 0:54:11]} Nxh3
{[%clk 0:45:02]} 23. Rd6 {[%clk 0:54:11]} Nf4 {[%clk 0:45:02]} 24. Nh4 {[%clk
0:54:11]} Be2 {[%clk 0:45:02]} 25. Bc2 {[%clk 0:54:11]} Ba6 {[%clk 0:45:02]}
26. g3 {[%clk 0:54:11]} Ne2 {[%clk 0:45:02]} 27. Nf3 {[%clk 0:54:11]} f5 {[%clk
0:45:02]} 28. Be3 {[%clk 0:54:11]} f4 {[%clk 0:45:02]} 29. Bd2 {[%clk 0:54:11]}
g5 {[%clk 0:45:02]} 30. a4 {[%clk 0:54:11]} fxg3 {[%clk 0:45:02]} 31. fxg3
{[%clk 0:54:11]} Nxg3 {[%clk 0:45:02]} 32. Bb3+ {[%clk 0:54:11]} Kh8 {[%clk
0:45:02]} 33. Be6 {[%clk 0:54:11]} Rf8 {[%clk 0:45:02]} 34. Bf5 {[%clk
0:54:11]} Nxf5 {[%clk 0:45:02]} 35. exf5 {[%clk 0:54:11]} Rxf5 {[%clk 0:45:02]}
36. Nh2 {[%clk 0:01:25]} Rf2 {[%clk 0:02:49]} 37. Ng4 {[%clk 0:01:34]} Rg2
{[%clk 0:02:00]} 38. Nxh6 {[%clk 0:00:46]} e4 {[%clk 0:02:22]} 39. Nf7+ {[%clk
0:00:32]} Kg8 {[%clk 0:02:22]} 40. Nxg5 {[%clk 0:00:32]} Bd3+ {[%clk 0:02:22]}
41. Ka1 {[%clk 0:00:32]} Rxd2 {[%clk 0:02:22]} 42. Rd8+ {[%clk 0:00:32]} Bf8
{[%clk 0:02:22]} 43. Nxe4 {[%clk 0:00:32]} Rd1+ {[%clk 0:02:22]} 0-1